000
00271nam a22001217a 4500
008
181022b xxu||||| |||| 00| 0 eng d
041
_a
eng
080
_a
331.101
100
_a
52
101
_a
BNJ
245
_a
Organizational Behavioral
_c
Erdogan.B
942
_2
udc
_c
BK
999
_c
50494
_d
50494